00621nam a22001817a 450000500170000000800410001702000180005804000180007608200210009410000150011524501300013025000060026026000320026630000270029865000540032565000430037970000170042220250328062131.0250328b |||||||| |||| 00| 0 eng d a9781484294031 cAIMIT LIBRARY 21a004.691bWUBR aWu, Brian. aBlockchain for teens :bwith case studies and examples of blockchain across various industries /cBy Brian Wu and Bridget Wu. a1 aNew York :bApress ;c2023. axx, 431p. ;bPBc23cm. aCryptography :the backbone of blockchain security aEthereum : a gateway to cryptocurrency aWu, Bridget.